Städte und Gemeinden im Landkreis Odenwald mit Karte - Statistiken

Allgemein
  • Dieses Quiz wurde 130 mal gespielt
  • Das Durchschnittsergebnis liegt bei 7 aus 12
Antworten auf der Karte
Die Antworten werden auf der Karte rot bzw. grün angezeigt, abhängig davon wie oft sie richtig erraten wurden.
 
Antwortstatistiken
Stadt oder Gemeinde % Korrekt
Erbach
95%
Michelstadt
94%
Höchst
73%
Bad König
70%
Oberzent
70%
Reichelsheim
58%
Breuberg
54%
Mossautal
51%
Brombachtal
46%
Fränkisch Crumbach
42%
Brensbach
38%
Lützelbach
34%
Keine übereinstimmenden Quizze gefunden
Verteilung der Resultate
Anzahl Personen mit jedem Resultat
Perzentil nach korrekt beantworteten Fragen
Ihre Resultats-Entwicklung
Sie haben dieses Quiz noch nicht gespielt